La Suisse en 50 images - Statistiques

Statistiques générales
  • Ce quiz a été pris 90 fois
  • Le résultat moyen est 37 sur 50
Statistiques - réponses
Par images Hint Réponse % Correct
Capitale Berne
100%
Marque de montres Rolex
100%
Chaîne de montagnes Alpes
98%
Spécialité culinaire Fondue
98%
Type de bâtiment Chalet
95%
Ville Genève
95%
Joueur de Tennis Roger Federer
95%
Ville Zurich
95%
Invention Couteau suisse
94%
Sport Ski alpin
94%
Physicien Albert Einstein
93%
Monnaie Franc suisse
92%
Pays voisin Liechtenstein
91%
Sport Bobsleigh
90%
Fabricant de chocolat Lindt
89%
Animal Marmotte
87%
Créature Monstre de Frankenstein
87%
Multinationale Nestlé
87%
Personnage fictif Heidi
86%
Marque de montres Omega
85%
Lac Lac Léman
83%
Principe dans ses relations internationales Neutralité
80%
Fleur Edelweiss
79%
Fromage n’ayant pas de trous Gruyère
79%
Race de chien Saint-Bernard
79%
Chute d’eau Chûtes du Rhin
78%
Ville où siège le CIO Lausanne
78%
Marque de confiseries Ricola
78%
Ville Bâle
76%
Technique de chant Yodel
76%
Héros légendaire Guillaume Tell
75%
Langue Romanche
72%
Instrument de musique Cor des Alpes
70%
Galettes de pommes de terre Rösti
69%
Joueur de tennis Stanislas Wawrinka
63%
Sommet Cervin
62%
Ville Lucerne
62%
Club de football FC Bâle
56%
Canton italophone Tessin
54%
Canton Valais
53%
Produit Ovomaltine
51%
Canton Uri
49%
Joueur de football Xherdan Shaqiri
49%
Banque UBS
48%
Écrivain Jean-Jacques Rousseau
47%
Ville Lugano
45%
Ville / Station de ski Zermatt
43%
Ville Saint-Gall
37%
Lac Lac des Quatre Cantons
34%
Tunnel Saint-Gothard
33%
Aucun quiz correspondant
Distribution des résultats
% des personnes avec chaque résultat
Percentile par nombre de réponses
Votre historique - résultats
Vous n’avez pas pris ce quiz